| 000 | 00397nam a2200157 a 4500 | ||
|---|---|---|---|
| 001 | 3720 | ||
| 003 | CDMR | ||
| 005 | 20131002161557.0 | ||
| 008 | 130130s1986||||||||||||||||||||||||||||d | ||
| 040 |
_aCDMR _bcat _cCDMR |
||
| 100 | 1 |
_aGauthier, Guy _92646 |
|
| 245 | 1 | 0 | _aVeinte lecciones sobre la imagen y el sentido |
| 260 |
_aMadrid _c1986 _bCátedra |
||
| 490 | 0 |
_aSigno e Imagen _v2 |
|
| 942 |
_cMON _2udc |
||
| 999 |
_c3720 _d3720 |
||